000 00902nam a22003017a 4500
001 BR2017000994
003 BR-BrBNA
005 20230928105100.0
007 ta
008 230509b bl.||||| |||| 00| 0 por d
040 _aBR-BrBNA
_bpor
_cBiblioteca Nacional de Agricultura
041 _a(Por)
072 _aF01; J11
_b3307
090 _ 3307 BR2017000994
100 1 _aMaia, M.O.
110 1 _aUniversidade Federal de Lavras, MG (Brasil)
_0Tese (Mestrado)
245 1 _aInfluência espectral de telas de sombreamento na pós-colheita de alpínias
260 3 _aLavras, MG (Brasil):
_c2015.
300 _a61 p.
500 _aSummaries (Eng, Por); Bibliography p. 53-61; 8 illus.; 5 tables
650 _aFLOR PARA CORTE
650 _aFLORICULTURA
650 _aSOMBREAMENTO
650 _aPÓS-COLHEITA
650 _aQUALIDADE
909 _a202309
_bLucia
_c55
_dLucia Elande
942 _cBK
999 _c83320
_d83320